Les Personnages d'Harry Potter et des Animaux Fantastiques - Statistiques

Statistiques générales
  • Ce quiz a été pris 380 fois
  • Le résultat moyen est 34 sur 148
Statistiques - réponses
Hint Réponse % Correct
1 Harry Potter
95%
3 Hermione Granger
70%
2 Ron Weasley
69%
37 Albus Dumbledore
58%
9 Ginny Weasley
51%
15 Fred Weasley
50%
14 George Weasley
48%
38 Minerva McGonagall
47%
67 Molly Weasley
47%
66 Arthur Weasley
46%
40 Severus Rogue
46%
71 Lily Potter
45%
68 Bill Weasley
44%
21 Drago Malefoy
44%
70 James Potter
44%
8 Neville Londubat
44%
74 Sirius Black
44%
78 Voldemort
44%
48 Remus Lupin
43%
81 Bellatrix Lestrange
42%
31 Luna Lovegood
42%
19 Percy Weasley
42%
69 Charlie Weasley
41%
79 Lucius Malefoy
41%
53 Rubeus Hagrid
41%
75 Dobby
39%
59 Fleur Delacour
38%
80 Narcissa Malefoy
38%
32 Cédric Diggory
37%
50 Dolores Ombrage
36%
28 Cho Chang
35%
143 Gellert Grindelwald
34%
72 Nymphadora Tonks
34%
62 Viktor Krum
33%
5 Dean Thomas
32%
123 Dudley Dursley
32%
122 Petunia Dursley
32%
120 Vernon Dursley
32%
110 Abelforth Dumbledore
31%
49 Alastor Maugrey
31%
41 Filius Flitwick
31%
4 Seamus Finnigan
31%
24 Vincent Crabbe
31%
99 Xenophilius Lovegood
31%
23 Gregory Goyle
30%
73 Peter Pettigrow
30%
39 Pomona Chourave
30%
132 Rowena Serdaigle
30%
131 Salazar Serpentard
29%
47 Gilderoy Lockhart
28%
134 Godric Gryffondor
28%
133 Helga Poufsouffle
28%
61 Igor Karkaroff
28%
96 Amos Diggory
27%
6 Lavande Brown
27%
7 Parvati Patil
27%
111 Ariana Dumbledore
26%
93 Cornelius Fudge
26%
42 Horace Slughorn
26%
30 Padma Patil
26%
114 Nick Quasi Sans Tête
25%
18 Olivier Dubois
25%
137 Queenie Goldstein
25%
13 Lee Jordan
24%
60 Gabrielle Delacour
23%
76 Kreattur
23%
144 Leta Lestrange
23%
58 Olympe Maxime
23%
22 Pansy Parkinson
23%
116 Peeves
22%
17 Angelina Johnson
21%
54 Argus Rusard
21%
45 Firenze
21%
113 Mimi Geignarde
21%
103 Alice Londubat
20%
10 Colin Crivey
20%
51 Poppy Pomfresh
20%
115 Baron Sanglant
19%
91 Fenrir Greyback
19%
104 Frank Londubat
19%
140 Jacob Kowalski
19%
11 Katie Bell
19%
46 Quirinus Quirrell
18%
98 Rita Skeeter
18%
112 Bathilda Tourdesac
17%
129 Graup
17%
136 Porpentina Goldstein
17%
43 Renée Bibine
17%
94 Rufus Scrimgeour
17%
77 Winky
17%
88 Alecto Carrow
16%
118 Dame Grise
16%
121 Marge Dursley
16%
117 Moine Gras
16%
90 Regulus Black
16%
87 Amycus Carrow
15%
86 Antonin Dolohov
15%
106 Mondingus Fletcher
15%
105 Augusta Londubat
14%
33 Hannah Abbot
14%
147 Nicolas Flamel
14%
64 Barty Croupton Jr.
13%
142 Croyance Bellebosse
13%
12 Alicia Spinnet
12%
20 Cormac McLaggen
12%
36 Ernie Macmillan
12%
25 Blaise Zabini
11%
52 Cuthbert Binns
11%
16 Dennis Crivey
11%
125 Phineas Black
11%
145 Thésée Dragonneau
11%
56 Aurora Sinistra
10%
101 Elphias Doge
10%
83 Rodolphus Lestrange
10%
107 Arabella Figgs
9%
130 Gripsec
9%
119 Grosse Dame
9%
65 Ludo Verpey
9%
34 Susan Bones
9%
57 Irma Pince
8%
95 Kingsley Shacklebolt
8%
135 Nobert Dragonneau
8%
138 Percival Graves
8%
108 Stan Rocade
8%
100 Amelia Bones
7%
127 Armando Dippet
7%
128 Garrick Ollivanders
7%
55 Septima Vector
7%
141 Mary Lou Bellebosse
6%
82 Rabastan Lestrange
6%
44 Sibyll Trelawney
6%
35 Justin Finch-Fletchley
5%
29 Marietta Edgecombe
5%
26 Pénélope Deauclaire
5%
124 Wilhelmina Gobe-Planche
5%
63 Bartemius Croupton Sr.
4%
148 Pernelle Flamel
3%
27 Roger Davies
3%
139 Séraphina Picquery
3%
97 Bertha Jorkins
2%
126 Dylis Derwent
2%
109 Ernie Danlemur
2%
146 Maledictus
2%
85 Avery
1%
89 Corban Yaxley
1%
102 Griselda Marchebank
1%
92 Walden Macnair
1%
84 Augustus Rockwood
0%
Aucun quiz correspondant
Distribution des résultats
% des personnes avec chaque résultat
Percentile par nombre de réponses
Votre historique - résultats
Vous n’avez pas pris ce quiz